<?xml version="1.0" encoding="UTF-8"?>
<record
    xmlns:xsi="http://www.w3.org/2001/XMLSchema-instance"
    xsi:schemaLocation="http://www.loc.gov/MARC21/slim http://www.loc.gov/standards/marcxml/schema/MARC21slim.xsd"
    xmlns="http://www.loc.gov/MARC21/slim">

  <leader>00535nam a22001457a 4500</leader>
  <datafield tag="999" ind1=" " ind2=" ">
    <subfield code="c">30234</subfield>
    <subfield code="d">30234</subfield>
  </datafield>
  <controlfield tag="008">190508b        xxu||||| |||| 00| 0 eng d</controlfield>
  <datafield tag="020" ind1=" " ind2=" ">
    <subfield code="a">9780435905408</subfield>
  </datafield>
  <datafield tag="050" ind1=" " ind2=" ">
    <subfield code="a">AFR PR 9379.9 .A79B4 1975</subfield>
  </datafield>
  <datafield tag="100" ind1=" " ind2=" ">
    <subfield code="a">Armah,Ayi Kwei.</subfield>
  </datafield>
  <datafield tag="245" ind1=" " ind2=" ">
    <subfield code="a">The Beautyful ones are not yet born /</subfield>
    <subfield code="c">Ayi Kwei Armah.</subfield>
  </datafield>
  <datafield tag="260" ind1=" " ind2=" ">
    <subfield code="a">England :</subfield>
    <subfield code="b">Pearson Education Limited,</subfield>
    <subfield code="c">1995.</subfield>
  </datafield>
  <datafield tag="300" ind1=" " ind2=" ">
    <subfield code="a">183p. :</subfield>
    <subfield code="c">20cm.</subfield>
  </datafield>
  <datafield tag="650" ind1=" " ind2=" ">
    <subfield code="a">African literature </subfield>
    <subfield code="v">history and criticism /</subfield>
  </datafield>
  <datafield tag="942" ind1=" " ind2=" ">
    <subfield code="2">lcc</subfield>
    <subfield code="c">AFRICANA</subfield>
    <subfield code="h">AFR PR 9379.9 .A79B4 1975</subfield>
  </datafield>
  <datafield tag="952" ind1=" " ind2=" ">
    <subfield code="0">0</subfield>
    <subfield code="1">0</subfield>
    <subfield code="2">lcc</subfield>
    <subfield code="4">0</subfield>
    <subfield code="7">0</subfield>
    <subfield code="a">MUC</subfield>
    <subfield code="b">MUC</subfield>
    <subfield code="c">AFR</subfield>
    <subfield code="d">2019-05-08</subfield>
    <subfield code="e">purchase(corporate campus)</subfield>
    <subfield code="g">1150.00</subfield>
    <subfield code="l">2</subfield>
    <subfield code="o">AFR PR 9379.9 .A79B4 1975</subfield>
    <subfield code="p">38748</subfield>
    <subfield code="r">2026-05-05</subfield>
    <subfield code="s">2019-06-28</subfield>
    <subfield code="w">2019-05-08</subfield>
    <subfield code="y">AFRICANA</subfield>
  </datafield>
  <datafield tag="952" ind1=" " ind2=" ">
    <subfield code="0">0</subfield>
    <subfield code="1">0</subfield>
    <subfield code="2">lcc</subfield>
    <subfield code="4">0</subfield>
    <subfield code="7">0</subfield>
    <subfield code="a">MUC</subfield>
    <subfield code="b">MUC</subfield>
    <subfield code="c">AFR</subfield>
    <subfield code="d">2019-05-08</subfield>
    <subfield code="e">purchase(corporate campus)</subfield>
    <subfield code="g">1150.00</subfield>
    <subfield code="l">63</subfield>
    <subfield code="o">AFR PR 9379.9 .A79B4 1975</subfield>
    <subfield code="p">38749</subfield>
    <subfield code="r">2026-05-05</subfield>
    <subfield code="s">2025-04-15</subfield>
    <subfield code="w">2019-05-08</subfield>
    <subfield code="y">AFRICANA</subfield>
  </datafield>
  <datafield tag="952" ind1=" " ind2=" ">
    <subfield code="0">0</subfield>
    <subfield code="1">0</subfield>
    <subfield code="2">lcc</subfield>
    <subfield code="4">0</subfield>
    <subfield code="7">0</subfield>
    <subfield code="a">MUC</subfield>
    <subfield code="b">MUC</subfield>
    <subfield code="c">AFR</subfield>
    <subfield code="d">2024-05-17</subfield>
    <subfield code="e">Corporate Campus(E.A)ltd</subfield>
    <subfield code="g">2289.00</subfield>
    <subfield code="o"> PR9379.9 .A79B4 1975</subfield>
    <subfield code="p">39834</subfield>
    <subfield code="r">2024-05-02</subfield>
    <subfield code="w">2024-05-17</subfield>
    <subfield code="y">AFRICANA</subfield>
  </datafield>
  <datafield tag="952" ind1=" " ind2=" ">
    <subfield code="0">0</subfield>
    <subfield code="1">0</subfield>
    <subfield code="2">lcc</subfield>
    <subfield code="4">0</subfield>
    <subfield code="7">0</subfield>
    <subfield code="a">MUC</subfield>
    <subfield code="b">MUC</subfield>
    <subfield code="c">AFR</subfield>
    <subfield code="d">2024-05-17</subfield>
    <subfield code="e">Corporate Campus(E.A)ltd</subfield>
    <subfield code="g">2289.00</subfield>
    <subfield code="l">1</subfield>
    <subfield code="o">PR9379.9 .A79B4 1975</subfield>
    <subfield code="p">39833</subfield>
    <subfield code="r">2025-10-14</subfield>
    <subfield code="s">2025-10-14</subfield>
    <subfield code="w">2024-05-17</subfield>
    <subfield code="y">AFRICANA</subfield>
  </datafield>
</record>
